Chinese working-class lives : getting by in Taiwan /

Bibliographic Details
Main Author: Gates, Hill
Format: Book
Language:English
Published: Ithaca : Cornell University Press, 1987.
Series:Anthropology of contemporary issues.
Subjects:

MARC

Tag First Indicator Second Indicator Subfields
LEADER 00000cam a2200000 a 4500
001 in00000025819
005 20151007054503.0
008 870420s1987 nyub b 00110 eng
010 |a  87047597  
020 |a 0801494613 (pbk. : alk. paper) 
020 |a 0801420563 (hard : alk. paper) 
035 |a (OCoLC)15654501 
035 |9 AAB5203AM 
040 |a DLC  |c DLC  |d TXA  |d UtOrBLW 
043 |a a-ch--- 
049 |a TXAM  |c [A10909334] 
050 0 0 |a DS799.812  |b .G38 1987 
082 0 |a 951/.24905  |2 19 
100 1 |a Gates, Hill. 
245 1 0 |a Chinese working-class lives :  |b getting by in Taiwan /  |c Hill Gates. 
264 1 |a Ithaca :  |b Cornell University Press,  |c 1987. 
300 |a xii, 256 pages :  |b map ;  |c 23 cm. 
336 |a text  |b txt  |2 rdacontent 
337 |a unmediated  |b n  |2 rdamedia 
338 |a volume  |b nc  |2 rdacarrier 
490 1 |a Anthropology of contemporary issues 
490 0 |a Cornell paperbacks 
504 |a Bibliography: pages 231-250. 
500 |a Includes index. 
651 0 |a Taiwan  |x Social life and customs  |y 1945- 
651 0 |a Taiwan  |x Social conditions  |y 1945- 
830 0 |a Anthropology of contemporary issues. 
999 |a MARS 
999 f f |s db16ceaf-2e60-3f83-a060-35ab23e3ef7c  |i 975daa23-e7d1-38aa-8d39-eb8a70790200  |t 0 
952 f f |p ric  |a Texas A&M University  |b Rellis Campus  |c Joint Library Facility  |d Remote Storage  |t 0  |e DS799.812 .G38 1987  |h Library of Congress classification  |i unmediated -- volume  |m A14810909334 
998 f f |a DS799.812 .G38 1987  |t 0  |l Remote Storage